00380nam a2200145Ia 4500008004100000020001500041041001200056100001900068245007400087250000800161260002500169300000800194650001600202700001600218221030s9999 xx 000 0 und d a0070702624 aEnglish aR. C. Gonzalez 0aDigital Image Processing Using MATLABcby R. C. Gonzalez, R. E. Woods a2nd bTMHaNew Delhic2012 a738 aBE Computer aR. E. Woods